000 00476nam a2200133Ia 4500
008 170516s9999 xx 000 0 und d
245 _aMobile phone text messaging to reduce alcohol and tobacco use in young people – a narrative review
260 _bSmart Homecare Technology and TeleHealth
260 _c2013
300 _a1:
650 _xMedical Technology
650 _xMedtech
856 _uhttps://www.dovepress.com/smart-homecare-technology-and-telehealth-i844-j140
999 _c330491
_d330491